Obras completas [de José Gaos] : de la filosofía : curso de 1960 /

Збережено в:
Бібліографічні деталі
Автор: Gaos, José (autor)
Інші автори: Villoro, Luis (prólogo) (prólogo)
Формат: Книга
Мова:Іспанська
Опубліковано: México : UNAM, Coordinación de Humanidades, 1982, c1982
Теги: Додати тег
Немає тегів, Будьте першим, хто поставить тег для цього запису!

MARC

LEADER 00000nam^a2200000^a^4500
001 000563954
005 20250521000000.0
009 20260310132016.631
020 |a 968-58-0366-8 
020 |a 968-58-0327-7 
037 |a Acervo Xavier Clavigero 
041 |a ESP 
091 |a FPA. 00617 
100 |a Gaos, José  |e (autor) 
245 1 0 |a Obras completas [de José Gaos] :  |b de la filosofía : curso de 1960 / 
264 4 |a México :  |b UNAM, Coordinación de Humanidades,  |c 1982, c1982 
300 |a XXX, 434 p. 
336 |a texto  |b txt  |2 rdacontenido 
337 |a sin mediación  |b n  |2 rdamedio 
338 |a volumen  |b nc  |2 rdasoporte 
649 |a XX 
700 |a Villoro, Luis  |e (prólogo) 
910 |a Fondo José Ignacio Palencia Gómez S.J. 
920 |a Impresos - Libros 
930 |a Fondos Especiales 
905 |a 137 
901 |a 0500358345  |b IT2  |c ESL  |i D  |u 20250521 
902 |a https://opac.biblio.iteso.mx/vufind/Record/000563954